Normale Ansicht
MARC-Ansicht
Eintrag Personenname
001 - Kontrollnummer
- Kontrollfeld: 25222
003 - Kontrollnummer Identifier
- Kontrollfeld: RU-10907106
005 - Datum und Zeit der letzten Transaktion
- Kontrollfeld: 20230727103041.0
008 - Datenelemente mit fester Länge
- Kontrollfeld mit fester Länge: 230727|| aca||aabn | a|a d
040 ## - Katalogisierungsquelle
- Original-Katalogisierungsstelle: RU-10907106
- Übertragungsstelle: RU-10907106
100 ## - Ansetzung - Personenname
- Personenname: Storni, Marco
670 ## - Datenquelle
- Quellenangabe: Work cat.: (RU-10907106)62878: Storni, Marco., Maupertuis. le Philosophe, l'académicien, le Polémiste.